000
00495nam a2200133Ia 4500
008
100328s9999 xx 000 0 und d
082
_b
67329
100
_a
मांडे अरुण-अनु.(मूळ लेखक- आर्थर हेली).
245
_a
फायनल डायग्नॉसिस.
260
_b
उत्कर्ष.
630
_a
फायनल डायग्नॉसिस.
730
_a
फायनल डायग्नॉसिस.
942
_c
BOOK
999
_c
553068
_d
553065